00917nam a22002417a 450000500170000000800410001701000150005802000260007302000230009903500130012203700130013504000130014808200180016110000210017924500880020026000410028827000640032930000410039350000660043465000620050065000620056265100510062420120806144633.0120806t xxu||||| |||| 00| 0 eng d aENG-105509 a9788180697531c400.00 a8180697533c400.00 aEN-89042 bDBAD/PUB aDPLbEng04a305.895952221 aSen, Asoka Kumar10aRepresenting tribe :bthe Ho of Singhbhum under colonial rule /cby Asoka Kumar Sen aNew Delhi bConcept Publishingc2011 aA/15-16, Commercial Block, Mohan GardenbNew Delhi e110059 axiv, 157 p. :bill., maps c23cm(Hb) aIncludes bibliographical references (p. [143]-153) and index. 0aHo (Indic people)xGovernment policyzIndiazSinghbhūm. 0aHo (Indic people)zIndiazSinghbhūmxSocial conditions. 0aIndiaxHistoryyBritish occupation, 1765-1947.